Thực hành phân tích thực phẩm

Zapisane w:
Opis bibliograficzny
1. autor:  Thực hành phân tích thực phẩm
Format: Sách
Język:Undetermined
Wydane:  Đại học Công nghiệp TP. Hồ Chí Minh  2024
Hasła przedmiotowe:
Etykiety: Dodaj etykietę
Nie ma etykietki, Dołącz pierwszą etykiete!
Thư viện lưu trữ: Trung tâm Thư viện - Trường Đại học Công nghiệp TP. Hồ Chí Minh
LEADER 00533nam a2200145Ia 4500
001 UIH_08205
008 241002s9999 xx 000 0 und d
082 |a  664 
100 |a  Thực hành phân tích thực phẩm 
245 0 |a  Thực hành phân tích thực phẩm 
260 |b  Đại học Công nghiệp TP. Hồ Chí Minh 
260 |c  2024 
650 |a Công nghệ thực phẩm 
927 |a Sách 
980 |a Trung tâm Thư viện - Trường Đại học Công nghiệp TP. Hồ Chí Minh